| 000 | 01549nam a2200337Ia 4500 | ||
|---|---|---|---|
| 003 | GCL | ||
| 005 | 20240530104652.0 | ||
| 008 | 140319s9999 xx 000 0 ara d | ||
| 020 | _a9771922262 | ||
| 040 |
_aGCL / _cGCL |
||
| 082 | 0 | 4 |
_a961 _bش م |
| 100 | 1 | _aشوقى عطاالله الجمل | |
| 245 | 1 | 0 |
_aالمغرب العربى الكبير: _bمن الفتح الاسلامى الى الوقت الحاضر: ليبيا - تونس - الجزائر - المغرب الاقصى (مراكش) / _cشوقى عطاالله الجمل |
| 250 | _aط2 | ||
| 260 |
_aالقاهرة : _bالمكتب المصرى لتوزيع المطبوعات ، _c1997 |
||
| 300 |
_a636 ص؛ _c24 سم |
||
| 650 | 0 | 4 | _aالمغرب العربى |
| 650 | 0 | 4 | _aفتح شمال افريقيا |
| 650 | 0 | 4 | _aليبيا - تاريخ - الاحتلال الايطالى |
| 650 | 0 | 4 | _aالمغرب - تاريخ اسلامى |
| 650 | 0 | 4 | _aالجزائر - تاريخ - الاحتلال الفرنسى |
| 650 | 0 | 4 | _aالجزائر - تاريخ - الاستقلال |
| 650 | 0 | 4 | _aالمغرب - تاريخ - العصر الحديث |
| 650 | 0 | 4 | _aليبيا - تاريخ - الاحتلال البريطانى |
| 650 | 0 | 4 | _aليبيا - تاريخ - ثورة 1969 |
| 650 | 0 | 4 | _aتونس - تاريخ - العصر العثمانى |
| 650 | 0 | 4 | _aتونس - تاريخ - الاحتلال الفرنسى |
| 650 | 0 | 4 | _aتونس - تاريخ - الاستقلال 1956 |
| 650 | 0 | 4 | _aالجزائر - تاريخ - العصر الاسلامى |
| 942 |
_2ddc _cBK |
||
| 999 |
_c49685 _d49685 |
||